000 01436nam a2200217 a 4500
001 ASIN0316912433
003 OSt
005 20240220111046.0
008 131231s1990 xxu eng d
020 _a0316912433 (hardcover)
020 _a9780316912433 (hardcover)
040 _ca
082 _a745.2
_bPOW
100 1 _aPowell, Dick.
_9120801
245 1 0 _aPresentation techniques /
_cDick Powell.
260 _a[S.l.] :
_bLittle, Brown & Company,
_c1990.
300 _a160 p. ;
_c29 cm.
520 _aThe importance of presenting design ideas with the maximum clarity and precision is the central theme of this manual, which describes the principles of perspective drawing and colouring techniques, with chapters on marker, airbrush and coloured paper rendering and special finishes. All types of line and descriptive drawing are explored, including cutaways and exploded views; and step-by-step drawings show how to build up a product visual, following the entire sequence to the finished drawings. Illustrated throughout with more thanj300 colour illustrations, including examples by some of the most interesting and imaginative designers working today, as well as the author's own drawings, Presentation Techniques will give designers confidence in presenting their ideas in the most visually exciting way.
856 4 0 _3Amazon.com
_uhttp://www.amazon.com/exec/obidos/ASIN/0316912433/chopaconline-20
942 _2ddc
_cBK
999 _c353860
_d353860